书目信息 |
| 题名: |
晶体结构几何理论
|
|
| 作者: | 肖序刚 编著 | |
| 分册: | ||
| 出版信息: | 北京 高等教育出版社 1993 |
|
| 页数: | 511页 | |
| 开本: | 26cm | |
| 丛书名: | ||
| 单 册: | ||
| 中图分类: | O723 | |
| 科图分类: | ||
| 主题词: | X射线晶体学 | |
| 电子资源: | ||
| ISBN: | 7-04-003224-4 | |
| 000 | 00546nam0 2200193 450 | |
| 001 | 0735592734 | |
| 005 | 20070906095312.73 | |
| 010 | @a7-04-003224-4@d¥17.20 | |
| 100 | @a20070906d km y0chiy0120 ea | |
| 101 | 0 | @achi |
| 200 | 1 | @a晶体结构几何理论@Ajing ti jie gou ji he li lun@f肖序刚编著@Fxiao xu gang bian zhu |
| 205 | @a2版 | |
| 210 | @a北京@c高等教育出版社@d1993 | |
| 215 | @a511页@d26cm | |
| 606 | 0 | @aX射线晶体学 |
| 690 | @aO723@v3 | |
| 701 | 0 | @a肖序刚@Axiao xu gang@4编著 |
| 801 | 0 | @aCN@bPFT@c20070906 |
| 905 | @a213230@dO723@eP1@f1 | |
| 晶体结构几何理论/肖序刚编著.-2版.-北京:高等教育出版社,1993 |
| 511页;26cm |
| ISBN 7-04-003224-4:¥17.20 |
| ● |
| 相关链接 |
|
|
|
|
正题名:晶体结构几何理论
索取号:O723/P1
 
预约/预借
| 序号 | 登录号 | 条形码 | 馆藏地/架位号 | 状态 | 备注 |
| 1 | 7200173 | 272001736 | 密集书库-物理学院/ [索取号:O723/P1] | 在馆 |